000 00432nam a22001697a 4500
005 20160613112819.0
008 160613b xxu||||| |||| 00| 0 eng d
020 _a81-219-1431-0
041 _aeng
082 _b7162
100 _aDhawan R.K.
_91763
245 _aA text book of Refligeration and drawing
260 _aNew Delhi
_bSultan Chand & Sons,
_c2010
300 _a673
650 _aDIPLOMA ENGINEERING
_9817
942 _cBK
999 _c2481
_d2480